000 00327 a2200169 4500
001 175232
020 _a85-262-3010-7
040 _cMagnum
100 _aLeite, Sérgio
240 1 0 _aMecânica
_lpor
245 1 0 _aMecânica
300 _a44
362 0 _a1997
440 1 _aScipione
697 _aMECÂNICA
942 _cBK
999 _c175232
_d175232